The Easy Quiz - Statistics

General Stats
  • This quiz has been taken 28 times
  • The average score is 9 of 10
Answer Stats
Question Answer % Correct
Which sport is played by Manchester United? Association Football
100%
Which colour paint do you get if you mix Red & Blue paint together? Purple
100%
How many hours are there in one day? Twenty-Four
100%
What is nine multiplied by nine (9 x 9)? Eighty-One
96%
What is the capital city of the UK? London
96%
Which chemical element (atomic number 8) has the symbol 'O'? Oxygen
96%
How many days are there in one week? Seven
96%
Which sport is played by the New York Yankees? Baseball
93%
Which planet orbits the Sun in between the orbits of Mercury & Earth? Venus
85%
Which is the only country to share a land border with Portugal? Spain
81%
No matching quizzes found
Score Distribution
Percent of People with Each Score
Percentile by Number Answered
Your Score History
You have not taken this quiz